<?xml version="1.0" encoding="UTF-8"?>
<record
    xmlns:xsi="http://www.w3.org/2001/XMLSchema-instance"
    xsi:schemaLocation="http://www.loc.gov/MARC21/slim http://www.loc.gov/standards/marcxml/schema/MARC21slim.xsd"
    xmlns="http://www.loc.gov/MARC21/slim">

  <leader>02401cam a2200289 a 4500</leader>
  <controlfield tag="001"> </controlfield>
  <controlfield tag="003">DO-SdBNP</controlfield>
  <controlfield tag="005">20220506091802.0</controlfield>
  <controlfield tag="008">980911s1998    dr ab    b    000 0dspa  </controlfield>
  <datafield tag="040" ind1=" " ind2=" ">
    <subfield code="a">BPMSU </subfield>
    <subfield code="b">spa</subfield>
    <subfield code="c">BPMSU </subfield>
  </datafield>
  <datafield tag="082" ind1=" " ind2=" ">
    <subfield code="a">972.9302</subfield>
    <subfield code="b">U26e 1998</subfield>
    <subfield code="2">22</subfield>
  </datafield>
  <datafield tag="100" ind1="1" ind2=" ">
    <subfield code="a">Ugarte, Mar&#xED;a,</subfield>
    <subfield code="d">1914-2011.</subfield>
  </datafield>
  <datafield tag="245" ind1="1" ind2="0">
    <subfield code="a">Estampas coloniales /</subfield>
    <subfield code="c">Maria Ugarte.</subfield>
  </datafield>
  <datafield tag="260" ind1=" " ind2=" ">
    <subfield code="a">Santo Domingo : </subfield>
    <subfield code="b">Comisi&#xF3;n Permanente de la Feria Nacional del Libro,</subfield>
    <subfield code="c">1998.</subfield>
  </datafield>
  <datafield tag="300" ind1=" " ind2=" ">
    <subfield code="a">2 v. :</subfield>
    <subfield code="b">ill., maps ;</subfield>
    <subfield code="c">23 cm.</subfield>
  </datafield>
  <datafield tag="500" ind1=" " ind2=" ">
    <subfield code="3">Incluye datos biogr&#xE1;ficos del autor en la solapa de la cubierta</subfield>
  </datafield>
  <datafield tag="504" ind1=" " ind2=" ">
    <subfield code="a">Bibliograf&#xED;a : (p. 335-340).</subfield>
  </datafield>
  <datafield tag="505" ind1="0" ind2=" ">
    <subfield code="a">v. 1. Siglo XVI -- v. 2. Siglos XVII-XVIII-XIX.</subfield>
  </datafield>
  <datafield tag="505" ind1="0" ind2=" ">
    <subfield code="a">En los tiempos de Ovando v.1 17 -- Oviedo, personaje pol&#xE9;mico y fecundo cronista v.1 99 -- Los ingeniosos relatos del licenciado M&#xE9;ndez Nieto v.1 203 -- De aqui y de all&#xE1;. Miscelanea v.1 325 -- Sobre devastaciones, milagros, arzobispos y otros temas v.2 17 -- No hay m&#xE1;s ley ni m&#xE1;s rey que don Rodrigo Pimentel v.2 65 -- Las elocuentes cartas de Fray Domingo Fern&#xE1;ndez de Navarrete 111 -- Varios v.2 135 -- Luis Joseph Peguero, el hatero historiador 161 -- Festejos oficiales v.2 213 -- Costumbres. Creencias y diversiones v.2 233 -- Ordenanzas sobre el r&#xE9;gimen y gobierno de la isla v.2 273 -- Tras el Tratado de Basilea v.2 291 -- La Espa&#xF1;a Boba, Bando de urrutia (1814) v.2 305</subfield>
  </datafield>
  <datafield tag="505" ind1="0" ind2=" ">
    <subfield code="a">En los tiempos de Ovando v.1 17 -- Oviedo, personaje pol&#xE9;mico y fecundo cronista v.1 99 -- Los ingeniosos relatos del licenciado M&#xE9;ndez Nieto v.1 203 -- De aqui y de all&#xE1;. Miscelanea v.1 325 -- Sobre devastaciones, milagros, arzobispos y otros temas v.2 17 -- No hay m&#xE1;s ley ni m&#xE1;s rey que don Rodrigo Pimentel v.2 65 -- Las elocuentes cartas de Fray Domingo Fern&#xE1;ndez de Navarrete 111 -- Varios v.2 135 -- Luis Joseph Peguero, el hatero historiador 161 -- Festejos oficiales v.2 213 -- Costumbres. Creencias y diversiones v.2 233 -- Ordenanzas sobre el r&#xE9;gimen y gobierno de la isla v.2 273 -- Tras el Tratado de Basilea v.2 291 -- La Espa&#xF1;a Boba, Bando de urrutia (1814) v.2 305</subfield>
  </datafield>
  <datafield tag="590" ind1=" " ind2=" ">
    <subfield code="6">Inventariado, 2022/VM</subfield>
  </datafield>
  <datafield tag="651" ind1=" " ind2="4">
    <subfield code="a">Rep&#xFA;blica Dominicana </subfield>
    <subfield code="x">Historia </subfield>
    <subfield code="y">Colonia 1503-1795</subfield>
  </datafield>
  <datafield tag="651" ind1=" " ind2="4">
    <subfield code="a">Rep&#xFA;blica Dominicana </subfield>
    <subfield code="x">Vida social y costumbres.</subfield>
  </datafield>
  <datafield tag="710" ind1="2" ind2=" ">
    <subfield code="a">Comisi&#xF3;n Permanente de la Feria Nacional del Libro (Rep&#xFA;blica Dominicana)</subfield>
  </datafield>
  <datafield tag="910" ind1=" " ind2=" ">
    <subfield code="a">VMateo V. </subfield>
  </datafield>
  <datafield tag="942" ind1=" " ind2=" ">
    <subfield code="2">ddc</subfield>
    <subfield code="c">BK</subfield>
  </datafield>
  <datafield tag="952" ind1=" " ind2=" ">
    <subfield code="0">0</subfield>
    <subfield code="1">0</subfield>
    <subfield code="2">ddc</subfield>
    <subfield code="4">0</subfield>
    <subfield code="7">0</subfield>
    <subfield code="8">CD</subfield>
    <subfield code="a">BPMET</subfield>
    <subfield code="b">BPMET</subfield>
    <subfield code="d">2022-05-06</subfield>
    <subfield code="l">0</subfield>
    <subfield code="o">BPMSU CD 972.9302 U26e 1998</subfield>
    <subfield code="p">BPMSU22050020</subfield>
    <subfield code="r">2022-05-06</subfield>
    <subfield code="t">v.1</subfield>
    <subfield code="w">2022-05-06</subfield>
    <subfield code="y">BK</subfield>
  </datafield>
  <datafield tag="952" ind1=" " ind2=" ">
    <subfield code="0">0</subfield>
    <subfield code="1">0</subfield>
    <subfield code="2">ddc</subfield>
    <subfield code="4">0</subfield>
    <subfield code="7">0</subfield>
    <subfield code="8">CD</subfield>
    <subfield code="a">BPMET</subfield>
    <subfield code="b">BPMET</subfield>
    <subfield code="d">2022-05-06</subfield>
    <subfield code="l">0</subfield>
    <subfield code="o">BPMSU CD 972.9302 U26e 1998</subfield>
    <subfield code="p">BPMSU22050021</subfield>
    <subfield code="r">2022-05-06</subfield>
    <subfield code="t">v.2</subfield>
    <subfield code="w">2022-05-06</subfield>
    <subfield code="y">BK</subfield>
  </datafield>
  <datafield tag="999" ind1=" " ind2=" ">
    <subfield code="c">14188</subfield>
    <subfield code="d">14188</subfield>
  </datafield>
</record>
